| 000 | 01388nam a2200337 i 4500 | ||
|---|---|---|---|
| 003 | DO-SdBNP | ||
| 005 | 20251120103149.0 | ||
| 007 | ta | ||
| 008 | 20207b 2020 dr |||| |||| 00| 0 sspad | ||
| 020 | _a9789945613520 | ||
| 040 |
_aDO-SdBNP _bspa _cBNPHU _erda |
||
| 041 | _aspa | ||
| 082 | 4 |
_aRD868.42 _bL951f _222 |
|
| 100 | 1 |
_aLugo, Américo _d1870-1952 _eautor _4aut. _981550 |
|
| 245 | 1 | 0 |
_aFiguras américanas y otros temas : _binformes y defensas / _cAmérico Lugo ; editor, Andrés Blanco Díaz. |
| 250 | _aPrimera edición | ||
| 264 | 4 |
_aSanto Domingo, República Dominicana : _bArchivo General de la Nación, _c©2020. |
|
| 300 |
_a400 páginas : _bilustraciones ; _c24 cm |
||
| 336 |
_atexto _btxt _2rdacontent |
||
| 337 |
_asin mediación _bn _2rdamedia |
||
| 338 |
_avolumen _bnc _2rdacarrier |
||
| 490 | 0 |
_aArchivo General de la Naciòn _v 380 |
|
| 505 | _aPresentación 11 -- Figuras americanas y otros temas 15 -- La intervención americana 261 -- La cuarta conferencia internacional americana 281 -- Defensas 345 -- Índice onomástico 383. | ||
| 590 | _aInventariado, 2021 / DG | ||
| 600 | 1 | 4 |
_aLugo, Américo, _d1870-1952 _vColección de escritos _979848 |
| 650 | 4 |
_aEnsayos dominicanos _965 |
|
| 650 | 4 |
_aLiteratura dominicana _979849 |
|
| 700 | 1 |
_aBlanco Díaz, Andrés, _eeditor _4ed. _9172 |
|
| 910 | _a DG.Validado. Control de calidad MFF | ||
| 942 |
_2ddc _cLBS1 |
||
| 999 |
_c49398 _d49398 |
||